| 000 | 00608nam a2200181 a 4500 | ||
|---|---|---|---|
| 001 | 000010969 | ||
| 005 | 20240412074222.0 | ||
| 008 | 091013s2006 dr 000 p spa d | ||
| 040 |
_aDO-SdBNP _bspa _cBNPHU |
||
| 082 |
_aRD861.5 _bV434h |
||
| 100 | 1 |
_aVelázques S., Arsenio Egidio _926377 |
|
| 245 | 1 | 0 |
_aHistoria crítica y antológica de la poesía de Bonao / _cArsenio Egidio Velázques S., Julián Morillo Casado. |
| 260 |
_aBonao, República Dominicana : _bMorillo, _c2006. |
||
| 300 |
_a197 p. ; _c22 cm. |
||
| 650 | 0 |
_aPoesía dominicana _966 |
|
| 650 | 0 |
_aLiteratura dominicana. _967 |
|
| 049 | _aBNPD | ||
| 999 |
_c10707 _d10707 |
||